Football Club by Players - Statistics

General Stats
  • This quiz has been taken 84 times
  • The average score is 16 of 22
Answer Stats
Players Team % Correct
Tony Adams, Tomas Rosicky, Thierry Henry Arsenal
94%
Gary Neville, Roy Keane, George Best Manchester United
94%
Michael Essien, John Obi Mikel, Gianfranco Zola Chelsea FC
92%
Alan Hansen, Vladimir Smicer, Robbie Fowler Liverpool FC
89%
Hans-Georg Schwarzenbeck, Oliver Kahn, Mehmet Scholl Bayern Munich
88%
Giuseppe Meazza, Walter Zenga, Javier Zanetti Inter Milan
86%
Bernd Schuster, Johan Cruyff, Ronald Koeman FC Barcelona
85%
Francesco Totti, Rudi Völler, Cafú AS Roma
83%
Edmilson, Juninho, Hugo Lloris Olympique Lyonnais
81%
Ruud Gullit, Nils Liedholm, Paolo Maldini Milan AC
78%
David Ginola, Alan Shearer, Fabricio Coloccini Newcastle United
78%
Carlos Tevéz, Bobby Moore, Frank Lampard West Ham United
78%
Michel Platini, Gaetano Scirea, Zinedine Zidane Juventus Turin
76%
Edwin van der Sar, Jari Litmanen, Frank Rijkaard Ajax Amsterdam
74%
Henrik Larsson, Shunsuke Nakamura, Kenny Dalglish Celtic Glasgow
74%
Abedi Pelé, Jean-Pierre Papin, Didier Drogba Olympique de Marseille
74%
Eusebio, Michel Preud'homme, Pablo Aimar Benfica SL
63%
Francisco Gento, Ferenc Puskas, Ivan Helguera Real Madrid
58%
Hakan Sükür, Gheorghe Hagi, Claudio Taffarel Galatasaray SK
50%
Pelé, Franz Beckenbauer, Johan Neeskens New York Cosmos
49%
Kevin Keegan, Horst Hrubesch, Uwe Seeler Hamburger SV
43%
Just Fontaine, Raymond Kopa, Michel Hidalgo Stade de Reims
21%
No matching quizzes found
Score Distribution
Percent of People with Each Score
Percentile by Number Answered
Your Score History
You have not taken this quiz